Największe Miasta Śląska - Statystyki

Ogólne statystyki
  • Ten quiz został rozwiązany 139 razy
  • Średni wynik to 11 z 15
Statystyki odpowiedzi
Hint Odpowiedź % Poprawnych
1 Katowice
100%
4 Gliwice
91%
5 Zabrze
90%
7 Bytom
85%
3 Sosnowiec
85%
9 Rybnik
83%
2 Częstochowa
82%
10 Tychy
79%
12 Chorzów
77%
6 Bielsko-Biała
74%
11 Dąbrowa Górnicza
74%
8 Ruda Śląska
66%
15 Mysłowice
55%
14 Jastrzębie-Zdrój
49%
13 Jaworzno
44%
Nie znaleziono quizów pasujących do podanych kryteriów
Rozkład punktacji
Procent ludzi z każdym wynikiem
Percentyl według liczby udzielonych odpowiedzi
Twoja historia wyników
Nie rozwiązałeś tego quizu